[Event "Heusenstamm Sparkassen op 11th"]
[Site "Heusenstamm"]
[Date "2024.11.22"]
[Round "2"]
[White "Browning, Alex"]
[Black "Kuhn, Daniel"]
[Result "1-0"]
[WhiteElo "2253"]
[BlackElo "2011"]
[PlyCount "67"]
[EventDate "2024.11.21"]
[EventType "swiss"]
[EventRounds "7"]
[EventCountry "GER"]
[SourceTitle "CB51_2024"]
[SourceDate "2024.12.18"]
[SourceVersion "1"]
[SourceVersionDate "2024.12.18"]
[SourceQuality "1"]

1. c4 e5 2. Nc3 Nf6 3. Nf3 Nc6 4. e3 Bb4 5. Qc2 Bxc3 6. Qxc3 Qe7 7. a3 a5 8. b3 d5 9. d4 exd4 10. Nxd4 Nxd4 11. Qxd4 c5 12. Qb2 0-0 13. Be2 dxc4 14. bxc4 Be6 15. 0-0 Qc7 16. f3 Nd7 17. Rb1 Rab8 18. Qc3 b6 19. Bb2 f6 20. Rbd1 Rfd8 21. Qc2 Ne5 22. f4 Rxd1 23. Rxd1 Nc6 24. Bd3 h6 25. Be4 b5 26. Bd5 Bxd5 27. cxd5 Nd8 28. d6 Qc6 29. Qg6 Kf8 30. e4 c4 31. e5 fxe5 32. fxe5 c3 33. e6 Nxe6 34. Qxe6 1-0

[Event "Kingston op 3rd"]
[Site "Kingston Upon Thames"]
[Date "2024.08.15"]
[Round "7"]
[White "Hobson, Kenneth"]
[Black "Browning, Alex"]
[Result "1-0"]
[WhiteElo "2266"]
[BlackElo "2267"]
[PlyCount "79"]
[EventDate "2024.08.12"]
[EventType "swiss"]
[EventRounds "9"]
[EventCountry "ENG"]
[SourceTitle "CBM 221 Extra"]
[Source "ChessBase"]
[SourceDate "2024.09.30"]
[SourceVersion "1"]
[SourceVersionDate "2024.09.30"]
[SourceQuality "1"]

1. e4 c5 2. Nf3 d6 3. Bb5+ Nd7 4. a4 Ngf6 5. Nc3 e6 6. 0-0 Be7 7. Re1 0-0 8. d3 a6 9. Bc4 b6 10. Bf4 Bb7 11. h3 Re8 12. e5 dxe5 13. Nxe5 Nxe5 14. Bxe5 Qd7 15. Ne4 Qc6 16. Re3 Nxe4 17. dxe4 f6 18. Bg3 b5 19. Bf1 c4 20. b3 Bc5 21. Re1 Bb4 22. Re3 Rad8 23. Qf3 Bd2 24. Re2 e5 25. axb5 axb5 26. bxc4 bxc4 27. c3 Rd6 28. Ra5 Rd3 29. Re3 Rxe3 30. fxe3 Bxc3 31. Rd5 Bb2 32. Qh5 Rc8 33. Qg4 c3 34. Rd7 Qxd7 35. Qxd7 c2 36. Qxb7 c1Q 37. Kh2 Rd8 38. Qe7 Rf8 39. Bb5 Qxe3 40. Bc4+ 1-0

[Event "Kingston op 3rd"]
[Site "Kingston Upon Thames"]
[Date "2024.08.14"]
[Round "4"]
[White "Browning, Alex"]
[Black "Banerjee, Supratit"]
[Result "1-0"]
[WhiteElo "2267"]
[BlackElo "2156"]
[PlyCount "51"]
[EventDate "2024.08.12"]
[EventType "swiss"]
[EventRounds "9"]
[EventCountry "ENG"]
[SourceTitle "CBM 221 Extra"]
[Source "ChessBase"]
[SourceDate "2024.09.30"]
[SourceVersion "1"]
[SourceVersionDate "2024.09.30"]
[SourceQuality "1"]

1. e4 c6 2. Nc3 d5 3. Nf3 dxe4 4. Nxe4 Nf6 5. Qe2 Nxe4 6. Qxe4 Nd7 7. Bc4 Nf6 8. Ne5 e6 9. Qe2 b5 10. Bb3 Qc7 11. 0-0 Bd6 12. d4 0-0 13. c3 a5 14. Re1 Bb7 15. Bc2 b4 16. Qd3 Rfd8 17. Qh3 bxc3 18. bxc3 c5 19. Bg5 Be7 20. Nxf7 Bxg2 21. Nh6+ Kf8 22. Qxg2 gxh6 23. Bxh6+ Kf7 24. Qg7+ Ke8 25. Rxe6 Rd7 26. Qf8# 1-0

[Event "Kingston op 3rd"]
[Site "Kingston Upon Thames"]
[Date "2024.08.12"]
[Round "1"]
[White "Verma, Shlok"]
[Black "Browning, Alex"]
[Result "0-1"]
[WhiteElo "2060"]
[BlackElo "2267"]
[PlyCount "94"]
[EventDate "2024.08.12"]
[EventType "swiss"]
[EventRounds "9"]
[EventCountry "ENG"]
[SourceTitle "CBM 221 Extra"]
[Source "ChessBase"]
[SourceDate "2024.09.30"]
[SourceVersion "1"]
[SourceVersionDate "2024.09.30"]
[SourceQuality "1"]

1. d4 Nf6 2. c4 g6 3. Nc3 Bg7 4. e4 d6 5. h3 0-0 6. Be3 c5 7. d5 b5 8. cxb5 a6 9. bxa6 Qa5 10. Qd2 Nbd7 11. Nf3 Bxa6 12. Bxa6 Qxa6 13. Qe2 Rfb8 14. Qxa6 Rxa6 15. Bc1 Nb6 16. Nd2 Na4 17. Ke2 Nd7 18. Nd1 Nxb2 19. Bxb2 Bxb2 20. Nxb2 Rxb2 21. a4 Nb6 22. Rhb1 Rxb1 23. Rxb1 Nxa4 24. Rb7 Kf8 25. Nc4 Nc3+ 26. Kd3 Na2 27. Nb6 Ra3+ 28. Kd2 Nb4 29. Nc8 Ra2+ 30. Ke3 Ra8 31. Na7 Nc2+ 32. Kd3 Ne1+ 33. Ke2 Nxg2 34. Nc6 Nf4+ 35. Kf3 Nxh3 36. Rxe7 Ra3+ 37. Kg2 Nf4+ 38. Kh2 c4 39. Rc7 h5 40. Nd8 c3 41. Nxf7 c2 42. Ng5 Ra2 43. e5 Nd3 44. Nh7+ Ke8 45. Nf6+ Kd8 46. exd6 c1Q 47. Rd7+ Kc8 0-1

[Event "Heusenstamm Sparkassen op-A 9th"]
[Site "Heusenstamm"]
[Date "2023.11.26"]
[Round "7"]
[White "Browning, Alex"]
[Black "Schmidt, Markus"]
[Result "1/2-1/2"]
[WhiteElo "2340"]
[BlackElo "2116"]
[PlyCount "47"]
[EventDate "2023.11.23"]
[EventType "swiss"]
[EventRounds "7"]
[EventCountry "GER"]
[SourceTitle "CBM 217 Extra"]
[Source "ChessBase"]
[SourceDate "2024.01.31"]
[SourceVersion "1"]
[SourceVersionDate "2024.01.31"]
[SourceQuality "1"]

1. Nf3 d5 2. c4 e6 3. g3 Nf6 4. Bg2 Be7 5. 0-0 0-0 6. d4 dxc4 7. Ne5 Nc6 8. Bxc6 bxc6 9. Nxc6 Qe8 10. Nxe7+ Qxe7 11. Qa4 e5 12. dxe5 Qxe5 13. Qxc4 Be6 14. Qd3 Rad8 15. Qe3 Qh5 16. f3 Bc4 17. Qf2 Rfe8 18. Nc3 Nd5 19. Re1 Nxc3 20. bxc3 Qb5 21. a4 Qa6 22. Be3 Qe6 23. Bg5 f6 24. Bf4 1/2-1/2

[Event "Kiel op 34th"]
[Site "Kiel"]
[Date "2022.08.05"]
[Round "9"]
[White "Browning, Alex"]
[Black "Dittrich, Gunnar"]
[Result "1-0"]
[WhiteElo "2294"]
[BlackElo "1994"]
[PlyCount "83"]
[EventDate "2022.07.30"]
[EventType "swiss"]
[EventRounds "9"]
[EventCountry "GER"]
[SourceTitle "CBM 209 Extra"]
[Source "ChessBase"]
[SourceDate "2022.09.30"]
[SourceVersion "1"]
[SourceVersionDate "2022.09.30"]
[SourceQuality "1"]

1. e4 d5 2. exd5 Qxd5 3. Nc3 Qa5 4. d4 Nf6 5. Bd2 c6 6. Bc4 Bf5 7. Qe2 Qc7 8. Nf3 e6 9. 0-0-0 b5 10. Bd3 Bxd3 11. Qxd3 Nbd7 12. Rhe1 Be7 13. Ne5 b4 14. Ne4 Nxe5 15. Nxf6+ Bxf6 16. dxe5 Be7 17. Qg3 g6 18. Bh6 Rd8 19. Rxd8+ Kxd8 20. Bd2 Qa5 21. Kb1 Qd5 22. Qf4 g5 23. Qe3 c5 24. Bc1 Kc7 25. f4 g4 26. Qg3 h5 27. Rf1 Qe4 28. Re1 Qd5 29. Qf2 h4 30. Qf1 h3 31. gxh3 Rxh3 32. Rd1 Rf3 33. Qe2 Qc6 34. Rg1 c4 35. Rxg4 b3 36. axb3 cxb3 37. cxb3 Rxb3 38. Rg7 Rb5 39. Rxf7 Kd8 40. Rg7 Rc5 41. Rg1 Qa4 42. Qd1+ 1-0

[Event "Kiel op 34th"]
[Site "Kiel"]
[Date "2022.08.01"]
[Round "5"]
[White "Browning, Alex"]
[Black "Peglau, Dora"]
[Result "1-0"]
[WhiteElo "2294"]
[BlackElo "1920"]
[PlyCount "109"]
[EventDate "2022.07.30"]
[EventType "swiss"]
[EventRounds "9"]
[EventCountry "GER"]
[SourceTitle "CBM 209 Extra"]
[Source "ChessBase"]
[SourceDate "2022.09.30"]
[SourceVersion "1"]
[SourceVersionDate "2022.09.30"]
[SourceQuality "1"]

1. e4 c6 2. Nc3 d5 3. Nf3 dxe4 4. Nxe4 Nf6 5. Qe2 Nxe4 6. Qxe4 Qd5 7. Qh4 Qe6+ 8. Be2 Qg4 9. Qg3 Qxg3 10. hxg3 g6 11. d4 Bg7 12. Bh6 Bxh6 13. Rxh6 Kf8 14. 0-0-0 Kg7 15. Rdh1 f6 16. Bd3 Bf5 17. Bxf5 gxf5 18. R6h4 Nd7 19. d5 cxd5 20. Nd4 Nf8 21. Nxf5+ Kf7 22. Rd4 Rd8 23. Ne3 e6 24. c4 Rc8 25. Kb1 dxc4 26. Nxc4 Rc7 27. Nd6+ Ke7 28. Nb5 Rd7 29. Rxd7+ Nxd7 30. Nxa7 Ne5 31. Rc1 Rd8 32. f4 Ng6 33. Rh1 Rh8 34. Kc2 h5 35. Nb5 h4 36. f5 exf5 37. Nd4 hxg3 38. Nxf5+ Ke6 39. Rxh8 Nxh8 40. Nxg3 Ng6 41. Ne4 b6 42. g3 Ke5 43. Kd3 Ne7 44. a4 Nc6 45. Nf2 f5 46. Kc4 Na7 47. b4 Kd6 48. Nd3 Ke6 49. b5 Nc8 50. Kd4 Kd6 51. Ne5 Ke6 52. Nc4 Kf6 53. Kd5 Kg5 54. Ke6 Kg4 55. Ne3+ 1-0

[Event "Dortmund Sparkassen op 49th"]
[Site "Dortmund"]
[Date "2022.07.19"]
[Round "4"]
[White "Browning, Alex"]
[Black "Beerdsen, Thomas"]
[Result "0-1"]
[WhiteElo "2294"]
[BlackElo "2500"]
[PlyCount "66"]
[EventDate "2022.07.16"]
[EventType "swiss"]
[EventRounds "9"]
[EventCountry "GER"]
[SourceTitle "CBM 209 Extra"]
[Source "ChessBase"]
[SourceDate "2022.09.30"]
[SourceVersion "1"]
[SourceVersionDate "2022.09.30"]
[SourceQuality "1"]

1. e4 c5 2. Nf3 d6 3. d4 cxd4 4. Nxd4 Nf6 5. Nc3 Nc6 6. Be2 g6 7. h4 Bg7 8. Nb3 Be6 9. g4 d5 10. Nc5 d4 11. N3a4 Bc8 12. Bd2 h5 13. g5 Ng4 14. f3 Nge5 15. f4 Ng4 16. Nd3 0-0 17. 0-0 b6 18. b4 Ne3 19. Bxe3 dxe3 20. e5 Nd4 21. c3 Nf5 22. Qe1 Bb7 23. Rd1 Qc7 24. Nab2 Rac8 25. Rc1 Kh8 26. Nd1 Rfd8 27. Kh2 f6 28. gxf6 exf6 29. e6 Bh6 30. N1b2 Qd6 31. Rd1 Qxe6 32. Rg1 Qe4 33. Qf1 Nxh4 0-1

[Event "Rhein Main op-A 24th"]
[Site "Bad Homburg"]
[Date "2022.06.16"]
[Round "3"]
[White "Dunsbach, Ralf"]
[Black "Browning, Alex"]
[Result "0-1"]
[WhiteElo "2156"]
[BlackElo "2299"]
[PlyCount "96"]
[EventDate "2022.06.15"]
[EventType "swiss"]
[EventRounds "7"]
[EventCountry "GER"]
[SourceTitle "EXT 2023"]
[Source "ChessBase"]
[SourceDate "2022.10.05"]
[SourceVersion "1"]
[SourceVersionDate "2022.10.05"]
[SourceQuality "1"]

1. c4 c5 2. g3 g6 3. Bg2 Nc6 4. Nf3 Bg7 5. Nc3 d6 6. 0-0 e5 7. d3 Nge7 8. Ne1 Be6 9. Nc2 0-0 10. Ne3 Qd7 11. Ned5 Bg4 12. Bh6 Nxd5 13. Nxd5 Bh3 14. Bxg7 Kxg7 15. e3 Bxg2 16. Kxg2 Rae8 17. Qd2 f5 18. Qc3 Kg8 19. Rae1 Ne7 20. Nxe7+ Rxe7 21. f4 Rfe8 22. a3 Qc6+ 23. Kf2 Qb6 24. h3 a6 25. Rg1 Qc6 26. g4 fxg4 27. hxg4 Rf8 28. f5 e4 29. d4 Rg7 30. Ke2 Qc7 31. Ref1 Qd7 32. d5 Rgf7 33. f6 b5 34. g5 Rb8 35. Rf4 Qh3 36. cxb5 Qh2+ 37. Kf1 axb5 38. Rxe4 b4 39. Qb3 Ra8 40. Rg2 Qh1+ 41. Kf2 Qb1 42. Re7 Rxa3 43. Re8+ Rf8 44. Rxf8+ Kxf8 45. Qc4 Qxb2+ 46. Kf3 Rxe3+ 47. Kxe3 Qxg2 48. Qf4 Qxd5 0-1

[Event "Hammersmith CC op"]
[Site "London"]
[Date "2022.06.04"]
[Round "1"]
[White "Mize, Dylan"]
[Black "Browning, Alex"]
[Result "0-1"]
[WhiteElo "1820"]
[BlackElo "2239"]
[PlyCount "80"]
[EventDate "2022.06.04"]
[EventType "swiss"]
[EventRounds "6"]
[EventCountry "ENG"]
[SourceTitle "CBM 208 Extra"]
[Source "ChessBase"]
[SourceDate "2022.07.31"]
[SourceVersion "1"]
[SourceVersionDate "2022.07.31"]
[SourceQuality "1"]

1. d4 Nf6 2. c4 g6 3. Nc3 Bg7 4. Nf3 0-0 5. Bg5 d6 6. e3 c6 7. Be2 a6 8. 0-0 h6 9. Bh4 g5 10. Bg3 Nh5 11. Qc2 Nxg3 12. hxg3 Nd7 13. Rfd1 Qc7 14. Rac1 a5 15. a4 Re8 16. Bd3 Nf6 17. Nd2 Bg4 18. Re1 e5 19. c5 exd4 20. exd4 d5 21. Bf5 Bxf5 22. Qxf5 Nd7 23. Nf3 Nf8 24. Rcd1 Re6 25. Rxe6 Nxe6 26. Ne2 b6 27. cxb6 Qxb6 28. g4 Qxb2 29. Ng3 Nxd4 30. Nxd4 Bxd4 31. Re1 Qc3 32. Re7 Rf8 33. Kh2 Qb4 34. Rc7 Qd6 35. Rc8 Be5 36. Rxf8+ Kxf8 37. Qc8+ Kg7 38. Kh3 Bxg3 39. fxg3 d4 40. Qb7 c5 0-1

[Event "GER-chT Online Liga 1 GpB"]
[Site "Playchess.com INT"]
[Date "2021.01.20"]
[Round "1.2"]
[White "Browning, Alex"]
[Black "Haufe, Laurin"]
[Result "0-1"]
[WhiteElo "2307"]
[BlackElo "2052"]
[PlyCount "124"]
[EventDate "2021.01.18"]
[EventType "team-tourn (rapid)"]
[EventRounds "7"]
[EventCountry "GER"]
[SourceTitle "CBM 200 Extra"]
[Source "ChessBase"]
[SourceDate "2021.03.31"]
[SourceVersion "1"]
[SourceVersionDate "2021.03.31"]
[SourceQuality "1"]
[WhiteTeam "Plettenberg"]
[BlackTeam "Leipzig SG"]
[WhiteTeamCountry "GER"]
[BlackTeamCountry "GER"]

1. e4 c5 2. Nf3 d6 3. d4 cxd4 4. Nxd4 Nf6 5. Nc3 a6 6. h3 e5 7. Nde2 h5 8. g3 Nbd7 9. Bg2 b6 10. a4 Bb7 11. 0-0 h4 12. g4 Nc5 13. Bg5 Be7 14. b4 Ne6 15. Be3 Rc8 16. Qd3 Qc7 17. Rad1 g5 18. Nd5 Nxd5 19. exd5 Nf4 20. Bxf4 gxf4 21. Rd2 Qc4 22. Qf5 Qxb4 23. c3 Qxa4 24. Re1 Qd7 25. Qb1 b5 26. Nxf4 Rxc3 27. Rde2 Kf8 28. Nh5 a5 29. f4 Rxh5 30. gxh5 Rg3 31. Qh7 Bxd5 32. fxe5 dxe5 33. Rd1 e4 34. Qh8+ Rg8 35. Qd4 Rg5 36. h6 Kg8 37. Kh1 Qf5 38. Rc2 Bf8 39. h7+ Qxh7 40. Rc8 Qg7 41. Qc5 Rxg2 42. Rxd5 Rg3 43. Rxf8+ Qxf8 44. Rg5+ Rxg5 45. Qxg5+ Qg7 46. Qd8+ Kh7 47. Qxh4+ Qh6 48. Qxe4+ Qg6 49. Qh4+ Kg8 50. Qd8+ Kg7 51. Qd4+ Kf8 52. Qd8+ Kg7 53. Qd4+ Qf6 54. Qg4+ Kf8 55. Qc8+ Ke7 56. Qb7+ Kd8 57. Qb8+ Kd7 58. Qxb5+ Qc6+ 59. Qxc6+ Kxc6 60. h4 a4 61. h5 a3 62. h6 a2 0-1

[Event "Pfalz op-A 11th"]
[Site "Neustadt an der Weinstrasse"]
[Date "2020.02.24"]
[Round "6"]
[White "Browning, Alex"]
[Black "Bakiev, Diyor"]
[Result "1/2-1/2"]
[WhiteElo "2275"]
[BlackElo "2118"]
[PlyCount "51"]
[EventDate "2020.02.21"]
[EventType "swiss"]
[EventRounds "9"]
[EventCountry "GER"]
[SourceTitle "CBM 195 Extra"]
[Source "ChessBase"]
[SourceDate "2020.05.31"]
[SourceVersion "1"]
[SourceVersionDate "2020.05.31"]
[SourceQuality "1"]

1. Nf3 Nf6 2. g3 e6 3. Bg2 c5 4. 0-0 Nc6 5. c4 Be7 6. d4 d5 7. cxd5 exd5 8. Nc3 0-0 9. dxc5 Bxc5 10. Nd2 Be6 11. Nb3 Bb6 12. Na4 Bc7 13. Nac5 Qe7 14. Bd2 Bd6 15. Nd3 Ne5 16. Bf4 Nc4 17. Bxd6 Qxd6 18. Nbc5 Nxb2 19. Nxb7 Nxd1 20. Nxd6 Nc3 21. Bf3 Rab8 22. Rfc1 d4 23. Rc2 Rb6 24. Nb7 Rb8 25. Na5 Rb1+ 26. Rc1 1/2-1/2

[Event "Pfalz op-A 11th"]
[Site "Neustadt an der Weinstrasse"]
[Date "2020.02.22"]
[Round "3"]
[White "Nagy, Gabor"]
[Black "Browning, Alex"]
[Result "1/2-1/2"]
[WhiteElo "2488"]
[BlackElo "2275"]
[PlyCount "83"]
[EventDate "2020.02.21"]
[EventType "swiss"]
[EventRounds "9"]
[EventCountry "GER"]
[SourceTitle "CBM 195 Extra"]
[Source "ChessBase"]
[SourceDate "2020.05.31"]
[SourceVersion "1"]
[SourceVersionDate "2020.05.31"]
[SourceQuality "1"]

1. d4 Nf6 2. Nf3 g6 3. Nbd2 d5 4. b4 Bg7 5. e3 a5 6. b5 0-0 7. c4 c5 8. dxc5 Nbd7 9. Ba3 Ne4 10. cxd5 Ndxc5 11. Rc1 Qxd5 12. Bc4 Qh5 13. Qc2 Bf5 14. Bxc5 Nxc5 15. e4 Nxe4 16. Nxe4 Qg4 17. Nfg5 Qxg2 18. Rf1 h6 19. Nxf7 Rxf7 20. Bxf7+ Kxf7 21. Qb3+ Kf8 22. Ng3 Bh3 23. Qd3 Be5 24. f4 Bd6 25. Rc2 Rd8 26. Rxg2 Bb4+ 27. Ke2 Rxd3 28. Kxd3 Bxg2 29. Rf2 Bh3 30. f5 Be1 31. Rf3 g5 32. Ne4 Bg2 33. Re3 Bb4 34. Kd4 a4 35. Nc5 Kf7 36. Nxa4 Bd6 37. Re2 Bf1 38. Rb2 Kf6 39. Ke4 Be5 40. Rc2 Bxb5 41. Nb6 e6 42. fxe6 1/2-1/2